[Event "22nd Abu Dhabi Int. Chess Festival  Masters Tourna"]
[Site "Abu Dhabi"]
[Date "2015.08.31"]
[Round "9"]
[Board "38"]
[White "Ris, Robert"]
[Black "Raja, Harshit"]
[Result "1-0"]
[WhiteElo "2449"]
[BlackElo "2247"]
[PlyCount "0"]
[EventDate "2015.08.23"]
[EventRounds "9"]
[EventCountry "UAE"]

1. Nf3 {[%clk 1:30:54]} Nf6 {[%clk 1:30:16]} 2. g3 {[%clk 1:30:46]} d5
{[%clk 1:28:05]} 3. c4 {[%clk 1:30:08]} e6 {[%clk 1:24:03]} 4. Bg2
{[%clk 1:30:10]} c5 {[%clk 1:23:08]} 5. O-O {[%clk 1:29:29]} Nc6 {[%clk 1:22:15]}
6. b3 {[%clk 1:26:05]} d4 {[%clk 1:22:06]} 7. e3 {[%clk 1:24:27]} Bd6
{[%clk 1:14:25]} 8. exd4 {[%clk 1:18:21]} cxd4 {[%clk 1:14:06]} 9. d3
{[%clk 1:18:39]} h6 {[%clk 1:09:50]} 10. Re1 {[%clk 1:17:23]} O-O
{[%clk 1:09:11]} 11. Ba3 {[%clk 1:13:11]} e5 {[%clk 1:01:11]} 12. Bxd6
{[%clk 1:11:52]} Qxd6 {[%clk 1:01:15]} 13. a3 {[%clk 1:12:04]} a5
{[%clk 0:55:02]} 14. Ra2 {[%clk 1:06:44]} Bf5 {[%clk 0:52:41]} 15. Nh4
{[%clk 0:50:45]} Bh7 {[%clk 0:46:33]} 16. Bh3 {[%clk 0:50:56]} Nd7
{[%clk 0:36:35]} 17. Nf5 {[%clk 0:49:27]} Bxf5 {[%clk 0:34:42]} 18. Bxf5
{[%clk 0:49:55]} g6 {[%clk 0:32:52]} 19. Be4 {[%clk 0:45:35]} f5 {[%clk 0:28:44]}
20. Bd5+ {[%clk 0:43:35]} Kg7 {[%clk 0:28:33]} 21. Rae2 {[%clk 0:38:52]} Rae8
{[%clk 0:25:54]} 22. Qd2 {[%clk 0:33:57]} Nc5 {[%clk 0:19:08]} 23. b4
{[%clk 0:25:35]} axb4 {[%clk 0:16:56]} 24. axb4 {[%clk 0:25:52]} Nd7
{[%clk 0:08:10]} 25. b5 {[%clk 0:22:57]} Nb4 {[%clk 0:05:19]} 26. Bxb7
{[%clk 0:22:44]} Nxd3 {[%clk 0:02:29]} 27. Qxd3 {[%clk 0:18:13]} Nc5
{[%clk 0:02:42]} 28. Qa3 {[%clk 0:17:13]} Nxb7 {[%clk 0:02:24]} 29. Qxd6
{[%clk 0:17:13]} Nxd6 {[%clk 0:02:45]} 30. Rxe5 {[%clk 0:16:57]} Rxe5
{[%clk 0:03:01]} 31. Rxe5 {[%clk 0:17:25]} Nxc4 {[%clk 0:03:27]} 32. Rc5
{[%clk 0:16:37]} Re8 {[%clk 0:00:35]} 33. Kf1 {[%clk 0:16:41]} Nb6
{[%clk 0:00:38]} 34. Nd2 {[%clk 0:16:26]} Na4 {[%clk 0:00:33]} 35. Rc4
{[%clk 0:10:56]} Nb6 {[%clk 0:00:34]} 36. Rxd4 {[%clk 0:10:09]} Re5
{[%clk 0:00:56]} 37. Rb4 {[%clk 0:10:16]} Kf6 {[%clk 0:00:56]} 38. Rb1
{[%clk 0:08:45]} Rd5 {[%clk 0:00:56]} 39. Nf3 {[%clk 0:08:59]} g5
{[%clk 0:00:51]} 40. Rc1 {[%clk 0:08:35]} Rxb5 {[%clk 0:00:46]} 41. Rc6+
{[%clk 0:09:04]} Kg7 {[%clk 0:01:09]} 42. Nd4 {[%clk 0:09:30]} Rb1+
{[%clk 0:00:56]} 43. Kg2 {[%clk 0:09:59]} h5 {[%clk 0:00:50]} 44. Nxf5+
{[%clk 0:09:53]} Kf7 {[%clk 0:01:15]} 45. Nd6+ {[%clk 0:08:04]} Kg7
{[%clk 0:01:24]} 46. Ne4 {[%clk 0:08:15]} Nd5 {[%clk 0:00:50]} 47. Nxg5
{[%clk 0:07:56]} Rb2 {[%clk 0:01:04]} 48. Re6 {[%clk 0:06:56]} h4
{[%clk 0:01:04]} 49. Re5 {[%clk 0:06:35]} Nf6 {[%clk 0:01:15]} 50. Re7+
{[%clk 0:05:03]} Kg6 {[%clk 0:00:57]} 51. Ne4 {[%clk 0:04:58]} Ng4
{[%clk 0:00:37]} 52. h3 {[%clk 0:04:43]} Ne3+ {[%clk 0:00:40]} 53. Kf3
{[%clk 0:05:07]} hxg3 {[%clk 0:00:40]} 54. fxg3 {[%clk 0:04:13]} Nd5
{[%clk 0:00:36]} 55. Rd7 {[%clk 0:03:15]} Rb3+ {[%clk 0:00:48]} 56. Kg4
{[%clk 0:02:23]} Ne3+ {[%clk 0:00:48]} 57. Kf4 {[%clk 0:02:52]} Ng2+
{[%clk 0:00:51]} 58. Ke5 {[%clk 0:03:17]} Rb5+ {[%clk 0:00:47]} 59. Rd5
{[%clk 0:03:28]} Rxd5+ {[%clk 0:00:36]} 60. Kxd5 {[%clk 0:03:56]} Kf5
{[%clk 0:00:49]} 61. Nd6+ {[%clk 0:03:32]} Kg5 {[%clk 0:01:13]} 62. Ke4
{[%clk 0:03:53]} Nh4 {[%clk 0:01:12]} 63. Ke3 {[%clk 0:02:59]} Kh5
{[%clk 0:01:10]} 64. Ne4 {[%clk 0:02:47]} Ng6 {[%clk 0:01:03]} 65. Kf3
{[%clk 0:02:50]} Ne5+ {[%clk 0:01:06]} 66. Kf4 {[%clk 0:03:03]} Ng6+
{[%clk 0:01:32]} 67. Kf5 {[%clk 0:03:26]} Ne7+ {[%clk 0:01:40]} 68. Ke6
{[%clk 0:03:01]} Ng6 {[%clk 0:01:55]} 69. Kf6 {[%clk 0:03:17]} Nf8
{[%clk 0:01:50]} 70. Kf5 {[%clk 0:02:39]} Ng6 {[%clk 0:01:18]} 71. g4+
{[%clk 0:02:41]} Kh6 {[%clk 0:01:44]} 72. g5+ {[%clk 0:03:03]} Kg7
{[%clk 0:02:09]} 73. Nd6 {[%clk 0:02:55]} Kh7 {[%clk 0:01:53]} 74. Nf7
{[%clk 0:02:46]} Kg7 {[%clk 0:02:14]} 75. Ne5 {[%clk 0:03:13]} Nh4+
{[%clk 0:02:24]} 76. Kg4 {[%clk 0:02:44]} Ng2 {[%clk 0:02:49]} 77. Nc4
{[%clk 0:02:46]} Ne1 {[%clk 0:02:58]} 78. h4 {[%clk 0:03:02]} Nd3
{[%clk 0:03:15]} 79. h5 {[%clk 0:0

[Event "22nd Abu Dhabi Int. Chess Festival  Masters Tourna"]
[Site "Abu Dhabi"]
[Date "2015.08.31"]
[Round "9"]
[Board "39"]
[White "Kryvoruchko, Vita"]
[Black "Oganisian, Roman"]
[Result "1/2-1/2"]
[WhiteElo "2210"]
[BlackElo "2328"]
[PlyCount "0"]
[EventDate "2015.08.23"]
[EventRounds "9"]
[EventCountry "UAE"]

1. e4 {[%clk 1:30:59]} c5 {[%clk 1:30:53]} 2. Nf3 {[%clk 1:31:11]} d6
{[%clk 1:31:16]} 3. d4 {[%clk 1:31:37]} cxd4 {[%clk 1:31:39]} 4. Nxd4
{[%clk 1:32:06]} Nf6 {[%clk 1:31:55]} 5. Nc3 {[%clk 1:32:29]} a6 {[%clk 1:32:18]}
6. f3 {[%clk 1:32:55]} e6 {[%clk 1:31:00]} 7. Be3 {[%clk 1:33:19]} b5
{[%clk 1:29:58]} 8. Qd2 {[%clk 1:33:44]} Bb7 {[%clk 1:29:41]} 9. O-O-O
{[%clk 1:33:40]} Nbd7 {[%clk 1:28:32]} 10. g4 {[%clk 1:34:05]} Nb6
{[%clk 1:27:02]} 11. g5 {[%clk 1:34:29]} Nfd7 {[%clk 1:27:21]} 12. Nb3
{[%clk 1:23:14]} Rc8 {[%clk 1:22:10]} 13. Na5 {[%clk 1:23:23]} Ba8
{[%clk 1:21:56]} 14. a3 {[%clk 1:18:58]} d5 {[%clk 1:19:19]} 15. exd5
{[%clk 0:56:39]} Nxd5 {[%clk 1:19:14]} 16. Nxd5 {[%clk 0:57:08]} Bxd5
{[%clk 1:19:33]} 17. Bg2 {[%clk 0:56:57]} Bc5 {[%clk 1:18:06]} 18. h4
{[%clk 0:39:13]} O-O {[%clk 1:17:33]} 19. Bxc5 {[%clk 0:39:41]} Nxc5
{[%clk 1:17:55]} 20. Kb1 {[%clk 0:40:08]} Na4 {[%clk 1:15:26]} 21. Nb3
{[%clk 0:39:44]} Qc7 {[%clk 1:15:13]} 22. f4 {[%clk 0:25:53]} Bxg2
{[%clk 1:12:46]} 23. Qxg2 {[%clk 0:26:22]} Qxf4 {[%clk 1:13:03]} 24. h5
{[%clk 0:26:30]} Qe5 {[%clk 1:11:45]} 25. Nd4 {[%clk 0:23:20]} Rfd8
{[%clk 1:10:02]} 26. Rhe1 {[%clk 0:22:25]} Qd5 {[%clk 1:03:59]} 27. Qe2
{[%clk 0:20:26]} Qxg5 {[%clk 0:59:58]} 28. Nxe6 {[%clk 0:18:55]} Rxd1+
{[%clk 0:58:34]} 29. Rxd1 {[%clk 0:19:19]} Qe7 {[%clk 0:54:40]} 30. Nd4
{[%clk 0:19:48]} Qxe2 {[%clk 0:54:55]} 31. Nxe2 {[%clk 0:20:17]} h6
{[%clk 0:54:55]} 32. Rd6 {[%clk 0:20:18]} Re8 {[%clk 0:55:01]} 33. Nf4
{[%clk 0:19:11]} Re4 {[%clk 0:54:32]} 34. Nd3 {[%clk 0:17:47]} Rh4
{[%clk 0:53:01]} 35. Rc6 {[%clk 0:17:44]} Rxh5 {[%clk 0:40:21]} 36. b3
{[%clk 0:18:12]} g5 {[%clk 0:40:35]} 37. Ne5 {[%clk 0:08:08]} g4 {[%clk 0:38:26]}
38. Nxg4 {[%clk 0:08:36]} Rc5 {[%clk 0:38:36]} 39. Nxh6+ {[%clk 0:08:31]} Kg7
{[%clk 0:38:47]} 40. Rxa6 {[%clk 0:07:53]} Nc3+ {[%clk 0:39:01]} 41. Kc1
{[%clk 0:07:48]} Rg5 {[%clk 0:38:06]} 42. Rc6 {[%clk 0:05:53]} Ne2+
{[%clk 0:32:12]} 43. Kd2 {[%clk 0:05:25]} Nd4 {[%clk 0:32:31]} 44. Rd6
{[%clk 0:05:05]} Ne6 {[%clk 0:31:32]} 45. Nxf7 {[%clk 0:04:35]} Kxf7
{[%clk 0:31:55]} 46. c4 {[%clk 0:04:44]} bxc4 {[%clk 0:30:39]} 47. bxc4
{[%clk 0:05:09]} Ra5 {[%clk 0:30:46]} 48. Rd3 {[%clk 0:05:23]} Ra4
{[%clk 0:28:28]} 49. Rc3 {[%clk 0:05:52]} Ke7 {[%clk 0:27:41]} 50. Kc2
{[%clk 0:05:18]} Kd6 {[%clk 0:28:02]} 51. Kb2 {[%clk 0:05:31]} Kc5
{[%clk 0:26:44]} 52. Re3 {[%clk 0:03:53]} Nd4 {[%clk 0:26:49]} 53. Rc3
{[%clk 0:04:19]} Nc6 {[%clk 0:27:01]} 54. Rc1 {[%clk 0:04:21]} Na5
{[%clk 0:27:07]} 55. Rh1 {[%clk 0:02:52]} Nxc4+ {[%clk 0:27:29]} 56. Kc2
{[%clk 0:03:20]} Rxa3 {[%clk 0:27:45]} 57. Rh8 {[%clk 0:03:39]} Ne5
{[%clk 0:27:05]} 58. Rh5 {[%clk 0:03:43]} Kd5 {[%clk 0:27:22]} 59. Rh4
{[%clk 0:03:42]} Nf3 {[%clk 0:27:31]} 60. Rh8 {[%clk 0:04:05]} 1/2-1/2

[Event "22nd Abu Dhabi Int. Chess Festival  Masters Tourna"]
[Site "Abu Dhabi"]
[Date "2015.08.31"]
[Round "9"]
[Board "43"]
[White "Muradli, Mahammad"]
[Black "Fendereski, Nima"]
[Result "1-0"]
[WhiteElo "2027"]
[BlackElo "2268"]
[PlyCount "0"]
[EventDate "2015.08.23"]
[EventRounds "9"]
[EventCountry "UAE"]

1. d4 {[%clk 1:30:51]} Nf6 {[%clk 1:30:51]} 2. Nf3 {[%clk 1:31:13]} b6
{[%clk 1:30:53]} 3. g3 {[%clk 1:31:38]} e6 {[%clk 1:29:55]} 4. c4
{[%clk 1:32:04]} Ba6 {[%clk 1:30:19]} 5. b3 {[%clk 1:32:29]} b5 {[%clk 1:30:43]}
6. cxb5 {[%clk 1:32:35]} Bxb5 {[%clk 1:31:05]} 7. Bg2 {[%clk 1:32:43]} d5
{[%clk 1:31:15]} 8. O-O {[%clk 1:32:43]} Nbd7 {[%clk 1:31:15]} 9. Nc3
{[%clk 1:32:28]} Ba6 {[%clk 1:31:35]} 10. Ne5 {[%clk 1:32:41]} c6
{[%clk 1:31:44]} 11. Bf4 {[%clk 1:31:12]} Nxe5 {[%clk 1:23:22]} 12. Bxe5
{[%clk 1:30:31]} Nd7 {[%clk 1:22:21]} 13. Bf4 {[%clk 1:29:44]} Rc8
{[%clk 1:21:28]} 14. Rc1 {[%clk 1:24:20]} Be7 {[%clk 1:16:02]} 15. Na4
{[%clk 1:20:43]} O-O {[%clk 1:05:05]} 16. Qd2 {[%clk 1:19:21]} c5
{[%clk 1:04:20]} 17. dxc5 {[%clk 1:06:59]} Nxc5 {[%clk 1:04:33]} 18. Nxc5
{[%clk 1:04:26]} Bxc5 {[%clk 1:04:30]} 19. Be5 {[%clk 0:57:22]} Qe7
{[%clk 0:56:09]} 20. Bf3 {[%clk 0:45:27]} Bb4 {[%clk 0:47:28]} 21. Qe3
{[%clk 0:44:02]} Ba3 {[%clk 0:44:47]} 22. Rxc8 {[%clk 0:37:47]} Rxc8
{[%clk 0:45:04]} 23. Bd4 {[%clk 0:36:06]} Rc7 {[%clk 0:42:39]} 24. Rb1
{[%clk 0:32:42]} Bd6 {[%clk 0:29:42]} 25. Bb2 {[%clk 0:24:39]} Rc2
{[%clk 0:27:11]} 26. Qd4 {[%clk 0:24:05]} f6 {[%clk 0:24:41]} 27. Qd1
{[%clk 0:22:18]} Qc7 {[%clk 0:23:14]} 28. Rc1 {[%clk 0:22:17]} Rxc1
{[%clk 0:23:11]} 29. Qxc1 {[%clk 0:22:43]} Qb6 {[%clk 0:19:33]} 30. Ba3
{[%clk 0:17:08]} Bxa3 {[%clk 0:16:07]} 31. Qxa3 {[%clk 0:17:36]} Kf7
{[%clk 0:16:15]} 32. Qa4 {[%clk 0:17:16]} Bb5 {[%clk 0:16:13]} 33. Qh4
{[%clk 0:16:18]} Kg8 {[%clk 0:16:07]} 34. Qb4 {[%clk 0:15:54]} Kf7
{[%clk 0:14:43]} 35. Qh4 {[%clk 0:16:13]} h6 {[%clk 0:13:34]} 36. Bh5+
{[%clk 0:16:17]} g6 {[%clk 0:11:52]} 37. Bf3 {[%clk 0:16:16]} Kg7
{[%clk 0:11:24]} 38. Qb4 {[%clk 0:16:28]} Qb7 {[%clk 0:11:31]} 39. Bg4
{[%clk 0:11:29]} f5 {[%clk 0:08:22]} 40. Qd4+ {[%clk 0:11:23]} Kh7
{[%clk 0:08:00]} 41. Bf3 {[%clk 0:11:27]} Qg7 {[%clk 0:07:30]} 42. Qc5
{[%clk 0:11:43]} Be8 {[%clk 0:07:30]} 43. Qd6 {[%clk 0:09:35]} Bf7
{[%clk 0:07:50]} 44. Kg2 {[%clk 0:08:15]} g5 {[%clk 0:07:05]} 45. e3
{[%clk 0:05:47]} g4 {[%clk 0:04:02]} 46. Be2 {[%clk 0:06:14]} Qf6
{[%clk 0:03:20]} 47. Qc7 {[%clk 0:05:47]} h5 {[%clk 0:03:09]} 48. Qxa7
{[%clk 0:04:35]} Kh6 {[%clk 0:03:27]} 49. Qd4 {[%clk 0:04:10]} e5
{[%clk 0:03:46]} 50. Qd2 {[%clk 0:04:21]} Kg6 {[%clk 0:02:55]} 51. b4
{[%clk 0:03:12]} Qd6 {[%clk 0:02:21]} 52. f4 {[%clk 0:02:20]} gxf3+
{[%clk 0:01:57]} 53. Bxf3 {[%clk 0:02:34]} d4 {[%clk 0:01:06]} 54. e4
{[%clk 0:00:48]} Be6 {[%clk 0:01:05]} 55. b5 {[%clk 0:00:41]} Qc5
{[%clk 0:00:57]} 56. Qe2 {[%clk 0:00:42]} Qc3 {[%clk 0:00:49]} 57. exf5+
{[%clk 0:00:47]} Bxf5 {[%clk 0:00:37]} 58. b6 {[%clk 0:00:44]} d3
{[%clk 0:00:54]} 59. Qf2 {[%clk 0:01:00]} e4 {[%clk 0:00:48]} 60. Bxh5+
{[%clk 0:00:40]} Kxh5 {[%clk 0:00:42]} 61. Qxf5+ {[%clk 0:01:09]} Kh6
{[%clk 0:01:11]} 62. Qf4+ {[%clk 0:01:16]} Kg7 {[%clk 0:01:24]} 63. Qc7+
{[%clk 0:01:35]} Qxc7 {[%clk 0:01:43]} 64. bxc7 {[%clk 0:02:02]} d2
{[%clk 0:02:09]} 65. c8=Q {[%clk 0:02:30]} d1=Q {[%clk 0:02:35]} 66. Qb7+
{[%clk 0:02:51]} Kf6 {[%clk 0:02:30]} 67. Qxe4 {[%clk 0:03:13]} Qd2+
{[%clk 0:02:53]} 68. Kf3 {[%clk 0:02:22]} Qxa2 {[%clk 0:02:57]} 69. h4
{[%clk 0:02:42]} Qb3+ {[%clk 0:02:53]} 70. Kg4 {[%clk 0:02:29]} Qg8+
{[%clk 0:03:18]} 71. Kh3 {[%clk 0:02:43]} Qc8+ {[%clk 0:03:34]} 72. Qg4
{[%clk 0:02:58]} Qa8 {[%clk 0:03:16]} 73. Qf4+ {[%clk 0:02:48]} Kg6
{[%clk 0:03:12]} 74. Qd6+ {[%clk 0:02:53]} Kg7 {[%clk 0:03:20]} 75. h5
{[%clk 0:01:12]} Qh1+ {[%clk 0:03:17]} 76. Kg4 {[%clk 0:01:39]} Qe4+
{[%clk 0:03:38]} 77. Kg5 {[%clk 0:01:47]} Qe3+ {[%clk 0:03:42]} 78. Kh4
{[%clk 0:02:14]} Qe4+ {[%clk 0:03:40]} 79. g4 {[%clk

[Event "22nd Abu Dhabi Int. Chess Festival  Masters Tourna"]
[Site "Abu Dhabi"]
[Date "2015.08.31"]
[Round "9"]
[Board "45"]
[White "Hernandez Jimenez, Alexander"]
[Black "Ayyad, Husain"]
[Result "1-0"]
[WhiteElo "2302"]
[BlackElo "2162"]
[PlyCount "0"]
[EventDate "2015.08.23"]
[EventRounds "9"]
[EventCountry "UAE"]

1. e4 {[%clk 1:29:35]} e5 {[%clk 1:29:15]} 2. Nf3 {[%clk 1:29:57]} Nc6
{[%clk 1:29:14]} 3. Bc4 {[%clk 1:30:20]} Nf6 {[%clk 1:29:35]} 4. d3
{[%clk 1:30:32]} Be7 {[%clk 1:29:50]} 5. c3 {[%clk 1:29:19]} d6 {[%clk 1:30:15]}
6. Nbd2 {[%clk 1:29:06]} O-O {[%clk 1:30:36]} 7. O-O {[%clk 1:26:03]} Na5
{[%clk 1:30:58]} 8. Bb5 {[%clk 1:26:18]} a6 {[%clk 1:30:36]} 9. Ba4
{[%clk 1:26:46]} b5 {[%clk 1:31:00]} 10. Bc2 {[%clk 1:27:09]} c5 {[%clk 1:31:28]}
11. Re1 {[%clk 1:20:38]} Re8 {[%clk 1:29:52]} 12. Nf1 {[%clk 1:17:09]} h6
{[%clk 1:30:15]} 13. Ng3 {[%clk 1:16:36]} Bf8 {[%clk 1:29:07]} 14. a4
{[%clk 1:14:54]} Bb7 {[%clk 1:27:57]} 15. d4 {[%clk 1:11:01]} cxd4
{[%clk 1:25:50]} 16. cxd4 {[%clk 1:11:29]} exd4 {[%clk 1:25:26]} 17. Nxd4
{[%clk 1:11:14]} Nc6 {[%clk 1:24:59]} 18. axb5 {[%clk 0:49:16]} Nxd4
{[%clk 1:25:07]} 19. Qxd4 {[%clk 0:49:32]} axb5 {[%clk 1:25:24]} 20. Rxa8
{[%clk 0:47:51]} Qxa8 {[%clk 1:23:56]} 21. Bxh6 {[%clk 0:45:19]} d5
{[%clk 1:24:08]} 22. Be3 {[%clk 0:32:49]} dxe4 {[%clk 1:22:45]} 23. Bg5
{[%clk 0:29:48]} Qa5 {[%clk 1:09:55]} 24. Rd1 {[%clk 0:28:42]} Rc8
{[%clk 1:03:45]} 25. Bxf6 {[%clk 0:25:16]} Rxc2 {[%clk 1:02:17]} 26. Bd8
{[%clk 0:22:35]} Qa4 {[%clk 1:00:30]} 27. Bb6 {[%clk 0:21:23]} Rxb2
{[%clk 0:53:43]} 28. Qd8 {[%clk 0:19:59]} Qc2 {[%clk 0:49:33]} 29. Nf5
{[%clk 0:18:54]} Rb1 {[%clk 0:49:24]} 30. Rf1 {[%clk 0:16:14]} b4
{[%clk 0:46:11]} 31. g3 {[%clk 0:12:02]} Ba6 {[%clk 0:44:06]} 32. Ne7+
{[%clk 0:12:15]} Kh7 {[%clk 0:44:25]} 33. Qxf8 {[%clk 0:12:25]} Rxf1+
{[%clk 0:05:14]} 34. Kg2 {[%clk 0:12:54]} Rg1+ {[%clk 0:05:37]} 35. Kh3
{[%clk 0:13:20]} e3 {[%clk 0:06:03]} 36. Qg8+ {[%clk 0:12:49]} Kh6
{[%clk 0:06:32]} 37. Bxe3+ {[%clk 0:09:35]} 1-0